000
00235nam a22001097a 4500
999
_c
261025
_d
261024
020
_a
139780439906784
100
_a
Andrew Clements
245
_a
The Report Card
260
_a
New York
_b
Scholastic
_c
2004
300
_a
173
942
_c
BK